LEADER 01044nam0-2200337---450- 001 990001503180403321 005 20060619085316.0 010 $a0-471-11590-8 035 $a000150318 035 $aFED01000150318 035 $a(Aleph)000150318FED01 035 $a000150318 100 $a20030409d1997----km-y0itay50------ba 101 0 $aeng 102 $aUS 105 $aa---a---001yy 200 1 $aComputational physics$eproblem solving with computers$fRubin H. Landau, Manuel Josè Paez Mejia$gcontributors Hans Kowallik, Henri Jansen 210 $aNew York [etc.]$cJohn Wiley & Sons$dc1997 215 $axix, 520 p.$cill.$d25 cm$efloppy disk 610 0 $aFisica computazionale 700 1$aLandau,$bRubin H.$060004 701 1$aPaéz Mejía,$bManuel José$0352563 702 1$aJansen,$bHenry 702 1$aKowallik,$bHans 801 0$aIT$bUNINA$gRICA$2UNIMARC 901 $aBK 912 $a990001503180403321 952 $a16C-003$bD.S.F. 7849$fFI1 959 $aFI1 996 $aComputational physics$9377005 997 $aUNINA